Na tému odcudzenie a neistota

Bibliographic Details
Main Author: Žilková, Marta, 1942- (Author)
Format: Article
Language:Slovak
Subjects:

MARC

LEADER 00000nab a2200000 a 4500
001 vtls000079130
003 SK-MaSNL
005 20260303191147.0
008 111103c1981 xo 0 slo
015 |a SNBRB19rr/mm-uuuuu 
035 |a CL0089231 
040 |a SNKBUCL  |b slo  |c SNKBUCL  |e AACR2 
041 0 |a slo 
044 |a xo  |c SK 
080 |a 792.2.096  |2 1981 
100 1 |a Žilková, Marta,  |d 1942-  |4 aut  |9 88073 
245 1 0 |a Na tému odcudzenie a neistota  |c Marta Žilková 
600 1 7 |a Heriban, Jozef,  |d 1953-  |2 snkbucl  |9 119111 
655 7 |a články z novín a časopisov  |2 snkbucl  |9 267496 
773 0 |t Pravda  |g Roč. 62, č. 43 (20. 2. 1981), s. 5 
850 |a Slovenská národná knižnica v Martine  |a MTA001 
852 |a SNK  |b KIS3GCP 
992 |a RBX 
999 |c 2139661  |d 2141591